|
|
|
|
| LEADER |
00736nab#a2200289#ar4500 |
| 001 |
000118924 |
| 003 |
SVKKK |
| 005 |
20170113111005.0 |
| 008 |
161128c2014 xo |||||||||||||||b|slo |
| FMT |
|
|
|
| 015 |
|
|
|a SNBRB2017/01
|
| 038 |
|
|
|a SVKKK
|
| 040 |
|
|
|a SVKKK
|b slo
|e AACR2
|
| 041 |
0 |
|
|a slo
|
| 044 |
|
|
|a xo
|c SK
|
| 080 |
|
|
|a 373.3
|2 2008
|
| 245 |
1 |
0 |
|a V Kecerovciach otvoria modulovú školu
|c [autor] SITA
|
| 650 |
0 |
4 |
|a modulová škola
|y september 2014
|z Kecerovce (Slovensko)
|
| 655 |
|
4 |
|a romiká
|
| 773 |
0 |
|
|t Rómske listy
|g Č. 2 (2014), s. 14
|x 1339-7702
|
| 974 |
|
|
|a Fav
|
| 992 |
|
|
|a RBX
|
| BAS |
|
|
|
| 856 |
4 |
1 |
|u https://issuu.com/romske-listy/docs/romske-listy-2-2014
|
| 852 |
|
|
|a SVKKK
|b BIB
|
| EXP |
|
|
|
| 998 |
|
|
|a ROM
|